Реестр исходящих бумаг библиотеки Государственной думы Третьего созыва за 1911 год

RUSMARC
00005267cbc2a2200000#x 450
00183787d18-3158-4caa-a085-3bf04d083bf0
00520250319105633.0
1010#$arus
102##$aRU
2001#$aРеестр исходящих бумаг библиотеки Государственной думы Третьего созыва за 1911 год
$j1911
251##$cДело
215##$a160 листов
$d36,5х26 см
2250#$aФонд Государственная дума I, II, III и IV созывов
$hОпись № 3
300##$aОригинальный заголовок дела: Реестр исходящих бумаг по библиотеке Государственной думы. 1911 г.
300##$aРукописный текст. Чернила
801#0$aRU
$bРГИА
801#1$aRU
$bПБ им. Б.Н. Ельцина
$2rusmarc
$c20160206
801#2$aRU
$bПБ им. Б.Н. Ельцина
$gRCR
$2rusmarc
850##$aФедеральное казенное учреждение "Российский государственный исторический архив"
852##$aРГИА
$j292
937##$d10949179
$hПБ
100##$a20140130l19111911k##a0rusy0102####ca
105##$ay###
1220#$ad1911######
5171#$aРеестр исходящих бумаг по библиотеке Государственной думы
$e1911 г.
461#0$100148572405-38c5-4094-b713-85756505f9f4
$12001
$aГосударственная Дума I, II, III и IV созывов
$1251
$cФонд
$1852
$j1278
462#0$1001fb946255-f278-454d-851d-599189a7d8c7
$12001
$a1907-1912 гг.
$vД. 292
$1251
$cОпись
$1852
$j3
$lIII Созыв
035##$a83787d18-3158-4caa-a085-3bf04d083bf0
60101$2prlib_sh
$3LIBNET\UAF\0000093868
$aРоссия
$bГосударственная дума
$bБиблиотека
$jАрхивные дела
6061#$2nlr_sh
$3RU\NLR\AUTH\661266684
$aБиблиотечное дело
$jАрхивные дела
$xИстория
$yРоссия
605##$2acquisition_Prlib
$3DITM\AF\0000002775
$aВласть
$lколлекция
605##$aИстория библиотечного дела
$lколлекция
$2acquisition_Prlib
$3LIBNET\UAF\0000112070
686##$2rubbk
$a78.33(2)ю1
$vLBC/M
686##$2rubbk
$a78.341(2)ю1
$vLBC/M
686##$2rubbk
$a63.3(2)53-33ю1
$vLBC/M
Формат отображения